Pays membres de l'UE - Carte - Statistiques

Statistiques générales
  • Ce quiz a été pris 3 399 fois
  • Le résultat moyen est 18 sur 27
Réponses sur la Carte
Les réponses sont colorées sur une échelle allant du rouge au vert en fonction du pourcentage des utilisateurs qui les ont devinées à leur premier essai. Vous pouvez retrouver ces pourcentages ci-dessous.
 
Statistiques - réponses
Réponse % Correct
Allemagne
84%
Espagne
81%
Italie
81%
France
80%
Belgique
79%
Portugal
78%
Irlande
77%
Grèce
75%
Luxembourg
75%
Pays-Bas
72%
Pologne
72%
Malte
70%
Finlande
69%
Chypre
68%
Danemark
68%
Autriche
65%
Croatie
65%
Suède
64%
Estonie
63%
Lettonie
62%
Roumanie
61%
Lituanie
59%
République Tchèque
55%
Bulgarie
51%
Hongrie
49%
Slovénie
48%
Slovaquie
43%
Aucun quiz correspondant
Distribution des résultats
% des personnes avec chaque résultat
Percentile par nombre de réponses
Votre historique - résultats
Vous n’avez pas pris ce quiz